| 000 | 00361nam a2200133Ia 4500 | ||
|---|---|---|---|
| 008 | 210210b2002 xxu||||| |||| 00| 0 eng d | ||
| 082 | _a610.92K CHAV | ||
| 100 | _aCHANDRAPPAGAUDA (Ech Di). | ||
| 245 | _aVaidyadikariya baduku bavane. | ||
| 260 |
_aShivamogga _bMalenadu Sahitya Prakashana _c2002 |
||
| 300 | _a352,20 | ||
| 690 | _aBiography | ||
| 906 | _a058345 | ||
| 999 |
_c105733 _d105733 |
||